We Hug Now - Sydney Rose - All Lyrics - Statistics

General Stats
  • This quiz has been taken 171 times
  • The average score is 233 of 264
Answer Stats
Answer % Correct
here,
100%
here
100%
I
100%
You
100%
you
100%
a
99%
When
99%
when
99%
and
97%
And
97%
go
97%
just
97%
me
97%
me,
97%
stuck
97%
time
97%
to
97%
You're
97%
you're
97%
ended
96%
every
96%
everything
96%
feeling
96%
got
96%
happened
96%
it
96%
like
96%
No
96%
not
96%
that
96%
That
96%
the
96%
The
96%
wanted
96%
wastin'
96%
world
96%
It's
95%
it's
95%
small
95%
think
95%
thinkin'
95%
have
94%
thing
94%
do
90%
don't
89%
We
89%
we
89%
hug,
87%
see
85%
My
82%
my
82%
lights
81%
never
80%
still
80%
'cause
78%
I'm
78%
stars
78%
seventeen
77%
at
76%
city
76%
down
76%
in
76%
mad
75%
of
75%
get
73%
I'll
73%
live
73%
street
73%
used
73%
can
72%
sometimes
72%
Sometimes
72%
will
72%
sleep
71%
where
70%
mom
66%
back
65%
coffee
65%
one
65%
laugh
63%
they're
63%
say
62%
sky
62%
you'll
62%
ask
61%
courage
61%
day
61%
dream
61%
entire
61%
after
59%
occasional,
59%
what
59%
come
58%
convince
58%
moon
58%
nervously
57%
close
56%
how
54%
May,
54%
anyone
53%
needed
53%
found
52%
has
51%
haven't
49%
Canton
25%
No matching quizzes found
Score Distribution
Percent of People with Each Score
Percentile by Number Answered
Your Score History
You have not taken this quiz